| 000 | 00350nam a2200145Ia 4500 | ||
|---|---|---|---|
| 100 | _aMurdick/ R.G/ Ross/Joel E | ||
| 942 | _cBK | ||
| 366 | _f15 | ||
| 654 | _amanagement | ||
| 245 | _aInformation system for modern management | ||
| 260 |
_bPrentice Hall of India _aNew Delhi _c1984 |
||
| 082 |
_a658.4038 _bMUR |
||
| 300 | _a466 | ||
| 546 | _aENGLISH | ||
| 999 |
_c32602 _d32602 |
||